|
|
|
|
| LEADER |
006120000a22002050004500 |
| 082 |
|
|
|a 321.8 K3
|
| 100 |
|
|
|a Ehrmann, Henry W
|f Ed
|
| 245 |
|
|
|a Democracy in a changing society
|
| 260 |
|
|
|a Bombay, Nakils, Feffer and Siman's Pvt Ltd
|
| 260 |
|
|
|c 1963
|
| 490 |
|
|
|a Perspective seris
|c 9
|
| 650 |
|
|
|a Britain
|
| 650 |
|
|
|a Democracy
|
| 650 |
|
|
|a Developing countries
|
| 650 |
|
|
|a France
|
| 650 |
|
|
|a Political science
|
| 650 |
|
|
|a Swiss democracy
|
| 942 |
|
|
|c BK
|
| 999 |
|
|
|c 130603
|d 130599
|
| 952 |
|
|
|0 0
|1 0
|4 0
|6 321_800000000000000_K3
|7 0
|9 129542
|a SCP
|b SCP
|d 2014-02-11
|l 0
|o 321.8 K3
|p SCP00496
|r 2014-02-11
|w 2014-02-11
|y BK
|